Logo BPK

Biblioteka

Politechniki Koszalińskiej

Dotacje UE do gospodarki odpadami medycznymi w Polsce / (Rekord nr 55420)

Szczegóły MARC
000 -ETYKIETA REKORDU
podpole kontrolne o stałej długości 01269nam a2200313 i 4500
001 - NUMER KONTROLNY REKORDU
pole kontrolne bg
015 ## - NUMER BIBLIOGRAFII NARODOWEJ
Numer bibliografii narodowej PB 4838/2007
020 ## - MIĘDZYNARODOWY ZNORMALIZOWANY NUMER KSIĄŻKI - ISBN
ISBN 8392431529
040 ## - ŹRÓDŁO KATALOGOWANIA
Instytucja, która utworzyła rekord BPK
041 ## - KOD JĘZYKA
Kod języka tekstu pol
044 ## - KOD KRAJU WYDAWCY/PRODUCENTA
Kod kraju wydawcy/producenta POL
080 ## - UNIWERSALNA KLASYFIKACJA DZIESIĘTNA - UKD
UKD 628.477.045/.047(438:4-67):339.7(4-67)]"2001/..."
920 ## - Międzynarodowy znormalizowany numer książki – ISBN
ISBN 83-924315-2-9
008 - POLE O STAŁEJ DŁUGOŚCI - DANE KONTROLNE
podpole kontrolne o stałej długości 070104s2006 pl a |000 0 pol
100 1# - NAZWA OSOBOWA
Nazwa osobowa Sadowski, Tomasz
Daty związane z nazwą (1978- ).
245 10 - TYTUŁ/ODPOWIEDZIALNOŚĆ
Tytuł Dotacje UE do gospodarki odpadami medycznymi w Polsce /
Pozostałe elementy strefy tytułu i oznaczenia odpowiedzialności Tomasz Sadowski, Grzegorz Świderski, Włodzimierz Lewandowski.
246 30 - WARIANT TYTUŁU
Tytuł Dotacje Unii Europejskiej do gospodarki odpadami medycznymi w Polsce
260 ## - STREFA ADRESU WYDAWNICZEGO
Miejsce wydania Warszawa :
Nazwa wydawcy/dystrybutora Europrimus Consulting Europejskie Centrum Doradztwa,
Data publikacji, dystrybucji/powstania dokumentu 2006.
300 ## - STREFA OPISU FIZYCZNEGO
Objętość 327 s. :
Inne cechy fizyczne il. ;
Rozmiary 24 cm.
500 ## - UWAGI OGÓLNE
Tekst uwagi Na grzb.: III oznacza kolejną poz. wydawniczą.
504 ## - UWAGA DOTYCZĄCA BIBLIOGRAFII
Informacje o bibliografii Bibliogr. s. 252-258.
650 #9 - HASŁO PRZEDMIOTOWE W FORMIE NAZWY OGÓLNEJ LUB JEDNOSTKOWEJ
Nazwa ogólna lub geograficzna Odpady medyczne
Określnik ogólny unieszkodliwianie
Określnik geograficzny kraje Unii Europejskiej
650 #9 - HASŁO PRZEDMIOTOWE W FORMIE NAZWY OGÓLNEJ LUB JEDNOSTKOWEJ
Nazwa ogólna lub geograficzna Odpady medyczne
Określnik ogólny unieszkodliwianie
Określnik geograficzny Polska
650 #9 - HASŁO PRZEDMIOTOWE W FORMIE NAZWY OGÓLNEJ LUB JEDNOSTKOWEJ
Nazwa ogólna lub geograficzna Odpady medyczne
Określnik ogólny unieszkodliwianie
-- programy i fundusze wspólnotowe
Określnik geograficzny Polska
700 1# - HASŁO DODATKOWE - NAZWA OSOBOWA
Nazwa osobowa Świderski, Grzegorz
Daty związane z nazwą (1978- ).
700 1# - HASŁO DODATKOWE - NAZWA OSOBOWA
Nazwa osobowa Lewandowski, Włodzimierz
Daty związane z nazwą (1946- ).
856 ## - LOKALIZACJA I DOSTĘP DO ELEKTRONICZNYCH DOKUMENTÓW ZDALNYCH
Link (URL) http://koha.tu.koszalin.pl/cgi-bin/koha/opac-detail.pl?biblionumber=55420
Tekst linku Katalog online BPK
942 ## - DODATKOWE ELEMENTY (KOHA)
Typ dokumentu Książka
Egzemplarze
Wycofany Status egzemplarza Uszkodzony Dostępność Lokalizacja stała Lokalizacja bieżąca Miejsce przechowywania Sygnatura Kod kreskowy Dział Typ dokumentu
      Tylko na miejscu Biblioteka Politechniki Koszalińskiej Biblioteka Politechniki Koszalińskiej Czytelnia BG 88590 02447902 628.4 Odpady i ich usuwanie Książka
      Dostępny Biblioteka Politechniki Koszalińskiej Biblioteka Politechniki Koszalińskiej Wypożyczalnia BG 88591 02447896   Książka
      Tylko na miejscu Biblioteka Politechniki Koszalińskiej Biblioteka Politechniki Koszalińskiej Czytelnia Wydziałowa ul. Kwiatkowskiego 6e 88592 02447889 628.4 Higiena miasta. Odpady Książka
© 2023 Biblioteka Politechniki Koszalińskiej :: KOHA